Il diritto costituzionale occidentale: un'introduzione storica
সংরক্ষণ করুন:
| প্রধান লেখক: | |
|---|---|
| বিন্যাস: | গ্রন্থ |
| ভাষা: | ইতালিয় |
| প্রকাশিত: |
Roma
Carocci
2010
|
| সংস্করন: | 2a. ed |
| মালা: | Studi Giuridici
|
| বিষয়গুলি: | |
| ট্যাগগুলো: |
ট্যাগ যুক্ত করুন
কোনো ট্যাগ নেই, প্রথমজন হিসাবে ট্যাগ করুন!
|
MARC
| LEADER | 00000cam a2200000 a 4500 | ||
|---|---|---|---|
| 001 | UCG8987 | ||
| 003 | CL-VaPUC | ||
| 008 | 120120e20100000IT |||||||||||||||||ita|d | ||
| 020 | |a 9788843053520 | ||
| 082 | 0 | 4 | |a 342.009 |b CAE |2 21 |
| 100 | 0 | |a Caenegem, Raoul C. van |e author |9 560310 | |
| 245 | 1 | 3 | |a Il diritto costituzionale occidentale: un'introduzione storica |
| 250 | |a 2a. ed | ||
| 300 | |a 313 p | ||
| 942 | |c BK | ||
| 945 | |d 20120120 00:00:00 |a cmena | ||
| 260 | |a Roma |b Carocci |c 2010 | ||
| 650 | 0 | |a Derecho constitucional |9 222588 | |
| 650 | 0 | |a Historia del derecho |9 255109 | |
| 650 | 0 | |a Fuentes del derecho |9 255162 | |
| 583 | |a last modification |c 20120120 10:38:00 |k Rodrigo Vera | ||
| 490 | 0 | |a Studi Giuridici | |
| 999 | |c 346572 |d 346570 | ||
| 952 | |0 0 |1 0 |4 0 |6 342_009000000000000_CAE_2010 |7 0 |8 DER_HIS |9 447314 |a BIBDER |b BIBDER |d 2019-11-22 |i 4818253 |l 1 |o 342.009 CAE 2010 |p 4818253 |r 2023-01-25 |s 2020-03-19 |w 2019-11-22 |x Ubicación 4to Piso |y BK |z Estos recursos deben solicitarse con anticipación |k DER | ||